University Home | Library Home | Institutional Repository

Cambridge IGCSE mathematics core and extended. Coursebook / (Record no. 216557)

MARC details
000 -LEADER
fixed length control field 00705nam a22002417a 4500
005 - DATE AND TIME OF LATEST TRANSACTION
control field 20260408102510.0
008 - FIXED-LENGTH DATA ELEMENTS--GENERAL INFORMATION
fixed length control field 260408b |||||||| |||| 00| 0 eng d
020 ## - INTERNATIONAL STANDARD BOOK NUMBER
International Standard Book Number 9781316605639
040 ## - CATALOGING SOURCE
Original cataloging agency RDA
Transcribing agency UNZA
Description conventions RDA
050 ## - LIBRARY OF CONGRESS CALL NUMBER
Classification number QA 43
Item number MOR 2015.
100 ## - MAIN ENTRY--PERSONAL NAME
Personal name Morrison, Karen
245 ## - TITLE STATEMENT
Title Cambridge IGCSE mathematics core and extended. Coursebook /
Statement of responsibility, etc. Karen Morrison and Nick Hamshaw.
250 ## - EDITION STATEMENT
Edition statement Second edition.
260 ## - PUBLICATION, DISTRIBUTION, ETC.
Place of publication, distribution, etc. Cambridge :
Name of publisher, distributor, etc. Cambridge University Press,
Date of publication, distribution, etc. 2018.
300 ## - PHYSICAL DESCRIPTION
Extent vii, 700 pages :
Other physical details illustrations.
336 ## - CONTENT TYPE
CONTENT TYPE Text
337 ## - MEDIA TYPE
MEDIA TYPE Unmediated
338 ## - CARRIER TYPE
CARRIER TYPE Volume
504 ## - BIBLIOGRAPHY, ETC. NOTE
Bibliography, etc. note Includes index.
650 ## - SUBJECT ADDED ENTRY--TOPICAL TERM
Topical term or geographic name entry element Mathematics.
700 ## - ADDED ENTRY--PERSONAL NAME
Personal name Nick Hamshaw
942 ## - ADDED ENTRY ELEMENTS (KOHA)
Koha item type Book
999 ## -
-- 216557
-- 216557
Holdings
Withdrawn status Lost status Source of classification or shelving scheme Damaged status Not for loan Home library Current library Date acquired Source of acquisition Cost, normal purchase price Total Checkouts Full call number Barcode Date last seen Copy number Cost, replacement price Price effective from Koha item type
    Library of Congress Classification     Main Library Main Library 04/08/2026 donation 300.00   QA 43 MOR 2015. 33729006810663 04/08/2026 1 300.00 04/08/2026 Book
    Library of Congress Classification     Main Library Main Library 04/08/2026 donation 300.00   QA 43 MOR 2015. 33729006810665 04/08/2026 3 300.00 04/08/2026 Book
    Library of Congress Classification     Main Library Main Library 04/08/2026 donation 300.00   QA 43 MOR 2015. 33729006810666 04/08/2026 4 300.00 04/08/2026 Book
© 2026 - The University of Zambia Library - Koha v25.11